| 000 | 00434nam a2200169 a 4500 | ||
|---|---|---|---|
| 001 | 0000-9310 | ||
| 003 | ELIB.Books | ||
| 008 | 110520 1979 | ||
| 035 | _a(ELIB.Books)0000-9462 | ||
| 082 |
_a254 _bHut |
||
| 100 | _aHutcheson, Richard G. | ||
| 245 | _aWheel within the Wheel | ||
| 260 |
_bAtlanta; John Knox Press _c1979 |
||
| 650 | _aChurch Administration | ||
| 942 |
_2ddc _cBK |
||
| 998 |
_cbat _e2011-05-20 |
||
| 999 |
_c9310 _d9310 |
||